Foldamer konjugátum, ami kivédi a β-amiloid oligomerek neurotoxikus hatását
Elmentve itt :
| Szerző: | |
|---|---|
| Testületi szerző: | |
| Dokumentumtípus: | Prezentáció |
| Megjelent: |
2012
|
| Kulcsszavak: | gyógyszerészet gyógyszerkémia gyógyszertechnológia |
| Tárgyszavak: | |
| Online Access: | http://eta.bibl.u-szeged.hu/4822 |
| LEADER | 00882nnm a2200253 i 4500 | ||
|---|---|---|---|
| 001 | eta4822 | ||
| 005 | 20201218131151.0 | ||
| 008 | 201218s2012 hu o 0|| hun d | ||
| 040 | |a SZTE Elektronikus Tananyag Archívum |b hun | ||
| 041 | |a hun | ||
| 100 | 1 | |a Bokor Mariann | |
| 245 | 1 | 0 | |a Foldamer konjugátum, ami kivédi a β-amiloid oligomerek neurotoxikus hatását |h [elektronikus dokumentum] / |c Bokor Mariann |
| 260 | |c 2012 | ||
| 300 | |a 17 | ||
| 516 | |a Presentation | ||
| 650 | 4 | |a Orvos- és egészségtudomány | |
| 650 | 4 | |a Általános orvostudomány | |
| 650 | 4 | |a Farmakológia és gyógyszerészet | |
| 650 | 4 | |a Gyógyszerkémia | |
| 695 | |a gyógyszerészet | ||
| 695 | |a gyógyszerkémia | ||
| 695 | |a gyógyszertechnológia | ||
| 711 | |a TDK Konferencia |c Magyarország |d 2012. 04. 19. | ||
| 856 | 4 | 0 | |u https://eta.bibl.u-szeged.hu/4822/1/2010-0012_88_04.pdf |z Dokumentum-elérés |